5HLuxD.jpg

KING HENRY VIII SENIOR AND PRIMARY SCHOOL LIBRARY OPAC

100 things to know about numbers, computers & coding / (Record no. 3642)

000 -LEADER
fixed length control field 01402cam a2200385 ab4500
001 - CONTROL NUMBER
control field 1621351
003 - CONTROL NUMBER IDENTIFIER
control field OSt
005 - DATE AND TIME OF LATEST TRANSACTION
control field 20240319110616.0
008 - FIXED-LENGTH DATA ELEMENTS--GENERAL INFORMATION
fixed length control field 190711s2018 enka g 001 0 eng d
020 ## - INTERNATIONAL STANDARD BOOK NUMBER
International Standard Book Number 9781474942997
Qualifying information (hbk.) :
040 ## - CATALOGING SOURCE
Original cataloging agency KML
Language of cataloging eng
Transcribing agency KML
Description conventions aacr2
Modifying agency KH8
041 0# - LANGUAGE CODE
Language code of text/sound track or separate title eng
042 ## - AUTHENTICATION CODE
Authentication code nbic
082 0# - DEWEY DECIMAL CLASSIFICATION NUMBER
Classification number 004 JAM
100 1# - MAIN ENTRY--PERSONAL NAME
Personal name James, Alice.
Relator term author
245 10 - TITLE STATEMENT
Title 100 things to know about numbers, computers & coding /
Statement of responsibility, etc. written by Alice James etc. ; illustrated by Federico Mariani, Parko Polo and Shaw Nielsen.
246 3# - VARYING FORM OF TITLE
Title proper/short title 100 things to know about numbers, computers and coding.
246 3# - VARYING FORM OF TITLE
Title proper/short title One hundred things to know about numbers, computers & coding.
246 3# - VARYING FORM OF TITLE
Title proper/short title Numbers, computers and coding.
260 ## - PUBLICATION, DISTRIBUTION, ETC.
Place of publication, distribution, etc. London :
Name of publisher, distributor, etc. Usborne Publishing Ltd.,
Date of publication, distribution, etc. 2018.
300 ## - PHYSICAL DESCRIPTION
Extent 127 p. :
Other physical details col. ill. ;
Dimensions 25 cm.
490 1# - SERIES STATEMENT
Series statement 100 things to know about.
500 ## - GENERAL NOTE
General note Includes index.
650 #0 - SUBJECT ADDED ENTRY--TOPICAL TERM
Topical term or geographic name entry element Computers
General subdivision History
Form subdivision Juvenile literature.
650 #0 - SUBJECT ADDED ENTRY--TOPICAL TERM
Topical term or geographic name entry element Computer engineering
Form subdivision Juvenile literature.
650 #0 - SUBJECT ADDED ENTRY--TOPICAL TERM
Topical term or geographic name entry element Coding theory
Form subdivision Juvenile literature.
650 #0 - SUBJECT ADDED ENTRY--TOPICAL TERM
Topical term or geographic name entry element Computer programming
Form subdivision Juvenile literature.
650 #0 - SUBJECT ADDED ENTRY--TOPICAL TERM
Topical term or geographic name entry element Computer science
Form subdivision Juvenile literature.
650 #0 - SUBJECT ADDED ENTRY--TOPICAL TERM
Topical term or geographic name entry element Numbers, Natural
Form subdivision Juvenile literature.
700 1# - ADDED ENTRY--PERSONAL NAME
Personal name Mariani, Federico,
Dates associated with a name 1974-
700 1# - ADDED ENTRY--PERSONAL NAME
Personal name Polo, Parko.
700 1# - ADDED ENTRY--PERSONAL NAME
Personal name Nielsen, Shaw.
830 #0 - SERIES ADDED ENTRY--UNIFORM TITLE
Uniform title 100 things to know about.
942 ## - ADDED ENTRY ELEMENTS (KOHA)
Source of classification or shelving scheme
Koha item type Books - Non Ficton
Holdings
Withdrawn status Lost status Source of classification or shelving scheme Damaged status Not for loan Collection code Permanent Location Current Location Shelving location Date acquired Total Checkouts Full call number Barcode Date last seen Date last checked out Price effective from Koha item type
          Non-Fiction KH8 Primary School Library KH8 Primary School Library Non Fiction 2024-03-19 12 004 JAM KHPL000004513 2026-03-16 2026-03-09 2024-03-19 Books - Non Ficton

Powered By KH8 IT Dept